| 000 | 00596nab a2200193 a 4500 | ||
|---|---|---|---|
| 005 | 20240910064328.0 | ||
| 008 | 991125s1985 mx 000 0 spa u | ||
| 035 | _aUPN01000151875 | ||
| 100 | 1 | _aBJORNE, Petra | |
| 222 | _aPSICOLOGIA IBEROAMERICANA | ||
| 245 | _aA dónde se va la excursión cuando llego a casa? : los límites del entendimiento conceptual en el autismo : implicaciones pedagógicas | ||
| 260 | _aMéxico | ||
| 300 | _a27-33 | ||
| 362 | 0 | _a2006 Vol. 14, no. 1, jun. | |
| 650 | 2 |
_aAutismo _9362 |
|
| 650 | 4 |
_aAprendizaje _92861 |
|
| 650 | 4 | _aCONCEPTO | |
| 905 | _aArticulo | ||
| 999 |
_c124010 _d124010 |
||